000
00291nam a2200121Ia 4500
008
190216s9999||||xx |||||||||||||| ||und||
100
_a
Publication Division Author
245
0
_a
Nadinte Manam
260
_b
Publications Division
_c
1967
300
_a
96p
650
_a
Kavithkal
942
_c
BK
999
_c
24225
_d
24225